[Event "Liberec op 16th"]
[Site "Liberec"]
[Date "2016.02.13"]
[Round "1"]
[White "Simon, Petr"]
[Black "Mikalsen, Erlend"]
[Result "0-1"]
[WhiteElo "1739"]
[BlackElo "2319"]
[PlyCount "72"]
[EventDate "2016.02.13"]
[EventType "swiss"]
[EventRounds "9"]
[EventCountry "CZE"]
[SourceTitle "CBM 170 Extra"]
[Source "ChessBase"]
[SourceDate "2016.02.25"]
[SourceVersion "1"]
[SourceVersionDate "2016.02.25"]
[SourceQuality "1"]

1. e4 e5 2. Nf3 Nc6 3. Bb5 a6 4. Ba4 Nf6 5. d3 Bc5 6. c3 b5 7. Bc2 0-0 8. 0-0 d6 9. h3 Bb6 10. Re1 Ne7 11. Nbd2 Ng6 12. Nf1 Re8 13. Ng3 d5 14. Bg5 c6 15. d4 h6 16. Be3 exd4 17. Bxd4 Be6 18. e5 Nd7 19. Bxg6 fxg6 20. Bxb6 Qxb6 21. Qc2 g5 22. Re3 c5 23. Rae1 Rf8 24. a3 Rf7 25. Nh2 Raf8 26. Rf3 Rxf3 27. Nxf3 Qd8 28. Qg6 Qe8 29. Qd3 Qf7 30. Rf1 Bxh3 31. Nxg5 hxg5 32. gxh3 Nxe5 33. Qe3 Nf3+ 34. Kh1 d4 35. cxd4 cxd4 36. Qd3 Qe6 0-1

[Event "Brno op 6th"]
[Site "Brno"]
[Date "2015.11.14"]
[Round "1"]
[White "Bartos, Jan"]
[Black "Simon, Petr"]
[Result "1-0"]
[WhiteElo "2252"]
[BlackElo "1765"]
[PlyCount "73"]
[EventDate "2015.11.14"]
[EventType "swiss"]
[EventRounds "9"]
[EventCountry "CZE"]
[SourceTitle "CBM 169 Extra"]
[Source "ChessBase"]
[SourceDate "2015.12.18"]
[SourceVersion "1"]
[SourceVersionDate "2015.12.18"]
[SourceQuality "1"]

1. d4 Nf6 2. c4 g6 3. Nc3 Bg7 4. e4 d6 5. f3 0-0 6. Be3 e5 7. Nge2 Nc6 8. d5 Ne7 9. g4 c6 10. Ng3 cxd5 11. cxd5 Ne8 12. Qd2 f5 13. gxf5 gxf5 14. Nh5 f4 15. Bf2 Ng6 16. Nxg7 Nxg7 17. 0-0-0 a6 18. Kb1 Bd7 19. Be2 b5 20. Rdg1 Bh3 21. Qe1 Rb8 22. Bf1 Bxf1 23. Qxf1 b4 24. Na4 b3 25. a3 Qa5 26. Nc3 Rfc8 27. Be1 Qb6 28. h4 Kh8 29. h5 Ne7 30. Bh4 Rb7 31. Qg2 Rg8 32. Bxe7 Rxe7 33. h6 Qd8 34. hxg7+ Rexg7 35. Qf2 Qh4 36. Qxh4 Rxg1+ 37. Nd1 1-0

[Event "CZE-chT2B 1415"]
[Site "Czech Republic"]
[Date "2015.02.22"]
[Round "8.8"]
[White "Simon, Petr"]
[Black "Kovar, Jan"]
[Result "0-1"]
[WhiteElo "1742"]
[BlackElo "2025"]
[PlyCount "42"]
[EventDate "2014.11.02"]
[EventType "team-tourn"]
[EventRounds "11"]
[EventCountry "CZE"]
[SourceTitle "EXT 2022"]
[Source "ChessBase"]
[SourceDate "2021.10.06"]
[SourceVersion "1"]
[SourceVersionDate "2021.10.06"]
[SourceQuality "1"]
[WhiteTeam "Liberec Lokomotiva"]
[BlackTeam "Teplice"]
[WhiteTeamCountry "CZE"]
[BlackTeamCountry "CZE"]

1. e4 c5 2. Nf3 d6 3. d4 cxd4 4. Nxd4 Nf6 5. Nc3 g6 6. Be2 Bg7 7. Be3 0-0 8. 0-0 Nc6 9. Kh1 Bd7 10. f4 a6 11. a4 Qc7 12. Nxc6 Bxc6 13. Bf3 Rac8 14. g4 Nd7 15. a5 Rfd8 16. g5 Nc5 17. Bxc5 dxc5 18. Qe1 Qxf4 19. h4 Be5 20. Qf2 Bxc3 21. bxc3 Rd2 0-1

[Event "Liberec op 15th"]
[Site "Liberec"]
[Date "2015.02.16"]
[Round "3"]
[White "Simon, Petr"]
[Black "Rychtecky, Pavel"]
[Result "1-0"]
[WhiteElo "1742"]
[BlackElo "1623"]
[PlyCount "63"]
[EventDate "2015.02.14"]
[EventType "swiss"]
[EventRounds "9"]
[EventCountry "CZE"]
[SourceTitle "CBM 164 Extra"]
[Source "ChessBase"]
[SourceDate "2015.03.02"]
[SourceVersion "1"]
[SourceVersionDate "2015.03.02"]
[SourceQuality "1"]

1. e4 c5 2. Nf3 Nc6 3. d4 cxd4 4. Nxd4 Nf6 5. Nc3 d6 6. Be2 a6 7. Be3 e6 8. 0-0 Be7 9. f4 0-0 10. Bf3 Qc7 11. Nxc6 bxc6 12. Qe1 Bb7 13. Rc1 c5 14. e5 Nd5 15. Nxd5 exd5 16. exd6 Bxd6 17. g3 Rfe8 18. Qf2 d4 19. Bd2 Re7 20. Qg2 Rae8 21. Rce1 g6 22. Bxb7 Rb8 23. Rxe7 Bxe7 24. Bxa6 Rxb2 25. Bc4 Rxc2 26. Qd5 Bf6 27. Rf2 h5 28. Bd3 Rxd2 29. Rxd2 Kg7 30. Bc4 h4 31. Rb2 hxg3 32. hxg3 1-0

[Event "CZE-chT2B 1415"]
[Site "Czech Republic"]
[Date "2014.11.02"]
[Round "1.8"]
[White "Simon, Petr"]
[Black "Palas, Ales"]
[Result "1/2-1/2"]
[WhiteElo "1742"]
[BlackElo "1949"]
[PlyCount "68"]
[EventDate "2014.11.02"]
[EventType "team-tourn"]
[EventRounds "11"]
[EventCountry "CZE"]
[SourceTitle "EXT 2022"]
[Source "ChessBase"]
[SourceDate "2021.10.06"]
[SourceVersion "1"]
[SourceVersionDate "2021.10.06"]
[SourceQuality "1"]
[WhiteTeam "Liberec Lokomotiva"]
[BlackTeam "Neratovice"]
[WhiteTeamCountry "CZE"]
[BlackTeamCountry "CZE"]

1. e4 c5 2. Nf3 d6 3. d4 cxd4 4. Nxd4 Nf6 5. Nc3 a6 6. Be2 e6 7. 0-0 Be7 8. Be3 0-0 9. f4 Qc7 10. Bf3 Nc6 11. Qe1 Nxd4 12. Bxd4 e5 13. fxe5 dxe5 14. Be3 Be6 15. Qf2 b5 16. Rfd1 Rac8 17. Rac1 Qb7 18. Nd5 Bxd5 19. exd5 Bd6 20. Qh4 e4 21. Bg4 Rc7 22. Bf5 Bc5 23. Bxc5 Rxc5 24. Bxe4 Rc4 25. Re1 Qb6+ 26. Kh1 Qc5 27. b3 Nxe4 28. Rxe4 Rxc2 29. Rxc2 Qxc2 30. Qe1 Qd3 31. Re5 f6 32. Re6 Qxd5 33. Rxa6 h6 34. Qe6+ Qxe6 1/2-1/2

[Event "Liberec Metalmex op"]
[Site "Liberec"]
[Date "2012.08.11"]
[Round "1"]
[White "Simon, Petr"]
[Black "Kucera, Petr1111"]
[Result "0-1"]
[WhiteElo "1758"]
[BlackElo "2188"]
[PlyCount "62"]
[EventDate "2012.08.11"]
[EventType "swiss"]
[EventRounds "9"]
[EventCountry "CZE"]
[SourceTitle "EXT 2014"]
[Source "ChessBase"]
[SourceDate "2013.11.20"]
[SourceVersion "1"]
[SourceVersionDate "2013.11.20"]
[SourceQuality "1"]

1. Nf3 d6 2. g3 e5 3. d3 f5 4. Nc3 Nf6 5. Bg5 c6 6. Bg2 Be7 7. 0-0 0-0 8. a4 a5 9. Rb1 Na6 10. e4 fxe4 11. Bxf6 Bxf6 12. Nxe4 Be7 13. Nfd2 d5 14. Nc3 Bd6 15. Qe2 Nb4 16. Nb3 Bf5 17. Rbd1 Qb6 18. Nb1 Rae8 19. c4 e4 20. dxe4 Bxe4 21. Bxe4 Rxe4 22. Qd2 Rxc4 23. Nc3 Bc5 24. Nxc5 Qxc5 25. Rc1 Qd4 26. Rfd1 Qxd2 27. Rxd2 Re8 28. Rcd1 Na6 29. Kf1 Rb4 30. Re1 Rxe1+ 31. Kxe1 Nc5 0-1

[Event "Liberec Metalmex op"]
[Site "Liberec"]
[Date "2011.08.17"]
[Round "5"]
[White "Simon, Petr"]
[Black "Martinovsky, Miroslav"]
[Result "1/2-1/2"]
[WhiteElo "1785"]
[BlackElo "1879"]
[PlyCount "46"]
[EventDate "2011.08.13"]
[EventType "swiss"]
[EventRounds "9"]
[EventCountry "CZE"]
[SourceTitle "CBM 143 Extra"]
[Source "ChessBase"]
[SourceDate "2011.08.29"]
[SourceVersion "1"]
[SourceVersionDate "2011.08.29"]
[SourceQuality "1"]

1. d4 Nf6 2. Nf3 g6 3. c4 Bg7 4. Nc3 d5 5. cxd5 Nxd5 6. Nxd5 Qxd5 7. e3 0-0 8. Be2 Nd7 9. Bd2 c6 10. Qc2 Nf6 11. Bc4 Qd8 12. e4 e6 13. Rd1 Qc7 14. 0-0 Bd7 15. Rfe1 Rac8 16. Qc1 a6 17. Bf4 Qb6 18. Be3 Qc7 19. Bf4 Qb6 20. Bd6 Rfe8 21. h3 Qd8 22. g4 Qa5 23. b4 Qd8 1/2-1/2

[Event "Teplice op 6th"]
[Site "Teplice"]
[Date "2011.06.17"]
[Round "7"]
[White "Bazantova, Marie"]
[Black "Simon, Petr"]
[Result "1-0"]
[WhiteElo "1989"]
[BlackElo "1775"]
[PlyCount "55"]
[EventDate "2011.06.11"]
[EventType "swiss"]
[EventRounds "9"]
[EventCountry "CZE"]
[SourceTitle "CBM 142 Extra"]
[Source "ChessBase"]
[SourceDate "2011.06.27"]
[SourceVersion "1"]
[SourceVersionDate "2011.06.27"]
[SourceQuality "1"]

1. e4 e6 2. d4 d5 3. Nd2 Nf6 4. e5 Nfd7 5. f4 c5 6. c3 Nc6 7. Ndf3 Qb6 8. a3 cxd4 9. cxd4 Be7 10. g3 f6 11. Bd3 f5 12. Ne2 a6 13. b4 Qd8 14. 0-0 0-0 15. Be3 b5 16. Rc1 Bb7 17. Ng5 Bxg5 18. fxg5 Nb6 19. Rc3 Qd7 20. Bb1 Nc4 21. Bc1 Rac8 22. Nf4 a5 23. bxa5 N6xa5 24. g4 fxg4 25. Rg3 g6 26. Qxg4 Rce8 27. Rh3 Nb3 28. Rxb3 1-0

[Event "Teplice op 6th"]
[Site "Teplice"]
[Date "2011.06.16"]
[Round "6"]
[White "Simon, Petr"]
[Black "Framberk, Jan"]
[Result "1/2-1/2"]
[WhiteElo "1775"]
[BlackElo "2069"]
[PlyCount "63"]
[EventDate "2011.06.11"]
[EventType "swiss"]
[EventRounds "9"]
[EventCountry "CZE"]
[SourceTitle "CBM 142 Extra"]
[Source "ChessBase"]
[SourceDate "2011.06.27"]
[SourceVersion "1"]
[SourceVersionDate "2011.06.27"]
[SourceQuality "1"]

1. d4 Nf6 2. Nf3 c5 3. Nc3 cxd4 4. Nxd4 Nc6 5. e4 g6 6. Be2 Bg7 7. Be3 0-0 8. 0-0 d6 9. Nxc6 bxc6 10. f4 Qa5 11. Bf3 Rb8 12. Rb1 Be6 13. a3 Nd7 14. Bd4 Bxd4+ 15. Qxd4 Qb6 16. Qxb6 Nxb6 17. b3 Rfc8 18. g4 d5 19. f5 dxe4 20. fxe6 exf3 21. exf7+ Kxf7 22. Rxf3+ Kg7 23. Re1 Re8 24. Re6 c5 25. a4 c4 26. b4 Rbd8 27. a5 Nc8 28. Re2 Rd4 29. h3 Nd6 30. Rfe3 Kf7 31. Rf3+ Kg7 32. Rfe3 1/2-1/2

[Event "Teplice op 6th"]
[Site "Teplice"]
[Date "2011.06.13"]
[Round "3"]
[White "Simon, Petr"]
[Black "Popelka, Pavel"]
[Result "0-1"]
[WhiteElo "1775"]
[BlackElo "1993"]
[PlyCount "62"]
[EventDate "2011.06.11"]
[EventType "swiss"]
[EventRounds "9"]
[EventCountry "CZE"]
[SourceTitle "CBM 142 Extra"]
[Source "ChessBase"]
[SourceDate "2011.06.27"]
[SourceVersion "1"]
[SourceVersionDate "2011.06.27"]
[SourceQuality "1"]

1. d4 d5 2. c4 c6 3. e3 Nf6 4. Nc3 Bf5 5. Nf3 e6 6. Be2 Nbd7 7. Qb3 Qc7 8. Bd2 dxc4 9. Bxc4 Nb6 10. Be2 Bd6 11. Rc1 Qe7 12. h3 0-0 13. a4 Ne4 14. Nxe4 Bxe4 15. Ne5 Bxg2 16. Rg1 Bd5 17. Qc2 f5 18. Nf3 Nd7 19. Bc3 Nf6 20. Qd1 Ne4 21. Ne5 Qh4 22. Rf1 Rad8 23. Nf3 Qe7 24. Nd2 Rf7 25. Nxe4 fxe4 26. b3 Qh4 27. Bc4 Rdf8 28. Rc2 Qxh3 29. Bxd5 Qxe3+ 30. fxe3 Rxf1+ 31. Kd2 Rxd1+ 0-1

[Event "Novy Bor op"]
[Site "Novy Bor"]
[Date "2010.02.13"]
[Round "1"]
[White "Simon, Petr"]
[Black "Hantak, Adam"]
[Result "0-1"]
[WhiteElo "1819"]
[BlackElo "2195"]
[PlyCount "114"]
[EventDate "2010.02.13"]
[EventType "swiss"]
[EventRounds "9"]
[EventCountry "CZE"]
[SourceTitle "CBM 134 Extra"]
[Source "ChessBase"]
[SourceDate "2010.03.03"]
[SourceVersion "1"]
[SourceVersionDate "2010.03.03"]
[SourceQuality "1"]

1. d4 d6 2. c4 g6 3. Nc3 Bg7 4. e4 Nf6 5. f3 0-0 6. Be3 Nbd7 7. Qd2 c5 8. d5 a6 9. Nge2 Qa5 10. Nc1 Rb8 11. Nb3 Qb4 12. Nd1 b6 13. Qxb4 cxb4 14. Nd4 Bb7 15. Nf2 Rfc8 16. Be2 Nc5 17. 0-0 Nfd7 18. Rac1 a5 19. Rc2 Ra8 20. f4 a4 21. Bg4 Re8 22. Nb5 b3 23. axb3 axb3 24. Rd2 Ra4 25. Rc1 Rea8 26. Bd4 Ra1 27. Rcd1 Bh6 28. g3 R8a4 29. Be2 Ba6 30. Na3 Rxd1+ 31. Rxd1 Bg7 32. Bxg7 Kxg7 33. Kg2 f5 34. Kf3 fxe4+ 35. Nxe4 Nxe4 36. Kxe4 Nc5+ 37. Ke3 Kf6 38. g4 Bc8 39. h4 Bd7 40. Rf1 h6 41. Rh1 Ra8 42. Rg1 Ra4 43. Rh1 Ra5 44. Rg1 Ra6 45. Rh1 Ra7 46. Rg1 Ra8 47. Rh1 Re8 48. Rf1 e6 49. dxe6 Rxe6+ 50. Kf3 Bc6+ 51. Kf2 Ne4+ 52. Kg1 Ng3 53. Bd3 Nxf1 54. Kxf1 Re3 55. Be2 Bf3 56. Bxf3 Rxf3+ 57. Ke2 Rxf4 0-1

[Event "Teplice op 4th"]
[Site "Teplice"]
[Date "2009.06.21"]
[Round "9"]
[White "Kindl, Frantisek"]
[Black "Simon, Petr"]
[Result "1-0"]
[WhiteElo "1944"]
[BlackElo "1864"]
[PlyCount "79"]
[EventDate "2009.06.13"]
[EventType "swiss"]
[EventRounds "9"]
[EventCountry "CZE"]
[SourceTitle "CBM 130 Extra"]
[Source "ChessBase"]
[SourceDate "2009.07.02"]
[SourceVersion "2"]
[SourceVersionDate "2009.07.15"]
[SourceQuality "1"]

1. Nf3 Nf6 2. g3 d6 3. d4 g6 4. Bg2 Bg7 5. 0-0 0-0 6. Re1 Nbd7 7. e4 e5 8. d5 Ne8 9. Nc3 f5 10. exf5 gxf5 11. Bg5 Ndf6 12. Qd2 c6 13. Rad1 Qa5 14. a3 cxd5 15. Nxd5 Qxd2 16. Nxd2 Be6 17. Nxf6+ Bxf6 18. Bxf6 Nxf6 19. Nb3 Rad8 20. Bxb7 Bxb3 21. cxb3 e4 22. Rd4 Rb8 23. Ba6 Rfd8 24. Bc4+ Kg7 25. Red1 Ne8 26. g4 Kf6 27. gxf5 Kxf5 28. Re1 Nf6 29. Red1 Ne8 30. Bf7 Kf4 31. b4 Rb7 32. Bxe8 Rxe8 33. Rxd6 Rg7+ 34. Kf1 Reg8 35. Rd7 Rg2 36. Rf7+ Ke5 37. Rxh7 e3 38. Re7+ Kf6 39. Rxe3 Rxh2 40. Rd6+ 1-0

[Event "Teplice op 4th"]
[Site "Teplice"]
[Date "2009.06.13"]
[Round "1"]
[White "Jurcik, Martin"]
[Black "Simon, Petr"]
[Result "1-0"]
[WhiteElo "2331"]
[BlackElo "1864"]
[PlyCount "87"]
[EventDate "2009.06.13"]
[EventType "swiss"]
[EventRounds "9"]
[EventCountry "CZE"]
[SourceTitle "CBM 130 Extra"]
[Source "ChessBase"]
[SourceDate "2009.07.02"]
[SourceVersion "2"]
[SourceVersionDate "2009.07.15"]
[SourceQuality "1"]

1. e4 e6 2. d4 d5 3. Nd2 Nf6 4. e5 Nfd7 5. Bd3 c5 6. c3 Nc6 7. Ne2 cxd4 8. cxd4 f6 9. exf6 Nxf6 10. 0-0 Bd6 11. Nf3 0-0 12. Bf4 Qc7 13. Bg3 Bd7 14. Qd2 Rac8 15. Rac1 Qb8 16. a3 Kh8 17. Rfe1 a5 18. Nc3 Bxg3 19. hxg3 Qd6 20. Bb5 Na7 21. Bd3 Nc6 22. Bb1 Qe7 23. Ne2 e5 24. dxe5 Nxe5 25. Rxc8 Nxf3+ 26. gxf3 Rxc8 27. Qxa5 Qe5 28. Qd2 Qh5 29. Nd4 Qf7 30. Bd3 Re8 31. Rxe8+ Qxe8 32. Bf5 Bxf5 33. Nxf5 Qe5 34. Nd4 h6 35. Qc3 Qe7 36. Kg2 Qd7 37. Qc5 Nh7 38. b4 Qf7 39. Qc8+ Nf8 40. a4 Kh7 41. a5 Ng6 42. Qf5 Qe7 43. b5 Qd6 44. Ne6 1-0